Pears Medical Enyclopedia, Illustrated / (Record no. 167654)

MARC details
000 -LEADER
fixed length control field 00753nam a2200253 a 4500
003 - CONTROL NUMBER IDENTIFIER
control field OSt
005 - DATE AND TIME OF LATEST TRANSACTION
control field 20240311140751.0
008 - FIXED-LENGTH DATA ELEMENTS--GENERAL INFORMATION
fixed length control field
020 ## - INTERNATIONAL STANDARD BOOK NUMBER
International Standard Book Number 720704952 (hbk.)
040 ## - CATALOGING SOURCE
Transcribing agency NUST
049 ## - LOCAL HOLDINGS (OCLC)
Holding library MAIN
090 ## - LOCALLY ASSIGNED LC-TYPE CALL NUMBER (OCLC); LOCAL CALL NUMBER (RLIN)
Classification number (OCLC) (R) ; Classification number, CALL (RLIN) (NR) REF RC81.A2
Local cutter number (OCLC) ; Book number/undivided call number, CALL (RLIN) BRO
100 1# - MAIN ENTRY--PERSONAL NAME
Personal name Brown, J.A.C.
245 10 - TITLE STATEMENT
Title Pears Medical Enyclopedia, Illustrated /
Statement of responsibility, etc. J AC Brown.
260 ## - PUBLICATION, DISTRIBUTION, ETC.
Place of publication, distribution, etc. London :
Name of publisher, distributor, etc. Pelham Books,
Date of publication, distribution, etc. 1971.
300 ## - PHYSICAL DESCRIPTION
Extent 464 p. :
Other physical details ill.(some col.);
Dimensions 25 cm.
336 ## - CONTENT TYPE
Source rdacontent
Content type term text
Content type code txt
337 ## - MEDIA TYPE
Source rdamedia
Media type term unmediated
Media type code n
338 ## - CARRIER TYPE
Source rdamedia
Carrier type term volume
Carrier type code nc
650 #1 - SUBJECT ADDED ENTRY--TOPICAL TERM
Topical term or geographic name entry element Medicine,Popular
Form subdivision Encylopedias.
650 ## - SUBJECT ADDED ENTRY--TOPICAL TERM
Topical term or geographic name entry element Health
Form subdivision Encyclopedias.
907 ## - LOCAL DATA ELEMENT G, LDG (RLIN)
a .b10390790
b 14-05-18
c 02-05-18
942 ## - ADDED ENTRY ELEMENTS (KOHA)
Koha item type Ordinary Loan Books
Call number prefix REF RC81.A2
Call number suffix BRO
Holdings
Date last seen Total Checkouts Full call number Barcode Accession number Cost, replacement price Price effective from Koha item type Lost status Source of classification or shelving scheme Damaged status Not for loan Collection Withdrawn status Home library Current library Shelving location Date acquired Cost, normal purchase price
01/23/2023   REF RC81.A2 92004044707 53875 80.00 01/23/2023 BOOKS   lcc     NFIC   MEDICAL MEDICAL GEN 01/23/2023 80.00